Statistics for Can you name the only Minr map that these players have made?

Click here to take the quiz!

General Stats

  • This quiz has been taken 30 times
  • The average score is 20 of 57

Answer Stats

HintAnswer% Correct
JigabotJiga's Claymaze
97%
dariiiiAlphabet
76%
D4rkslyArborism
76%
IAmRealIAmFakeThe Train
76%
marhjoThrice
76%
MrP0cketzPocketz Stadium
72%
EpicFH, DONG_FORTNITEMC:BM
66%
mod_ernAeroship
62%
ilikefishees_Aztec
59%
HatterTheMadLava Maze
59%
FraiseFramboiseColorfall
55%
LendKaruOvergrowth
55%
zomtatoDimensions
52%
BowillaRoyal Garden
52%
Dalox02Corruption Block
48%
xrm4Xrm's Labyrinth
48%
Bilou1688The Pyramid
41%
RainboWaffleFairytales
38%
bstreyHoles
38%
pieterjan_1998Magisterium: Ash
38%
ryanou812Oculus
38%
void42Mineco
34%
Mario_BlueTrek
34%
X0_WesUnderwater Palace
34%
KasiasChillers' Door Maze
31%
KimbosIPAPlaydoh Palace
31%
Voodles3Trapladder
31%
Morgan_LadimoreWool Endless
31%
Scudz3D Maze
28%
oceanpeace15Treedom
28%
BananbulleAthenai
24%
SleeknFoxyCodSimulator20XX
24%
Megamonkey696969Day & Night
24%
PFried1313Evil Chicken
24%
InexplicitMetal Harbor
24%
_CleanUpCrew_Sprucelands
24%
RobotzMan, fuzzyhead45The Artifact
24%
MT_Hairy_HinduThe Descent
24%
creeperTNTman198The Scorned Lands
24%
awesomedavis121Creeper Temple
21%
scooter388Fire & Ice Maze
21%
SofaloaferGhidora Manor
21%
lilritchieGiant Minecraft
21%
CreamGoblinInvasion
21%
ChileXI, SaamXIMiner's Nightmare
21%
simonr02Simon's Funhouse
21%
samurai_worfBlackbox
17%
joeincoollandMario Parkour
17%
itay51998Snow Fort
17%
Crazan21The Royal Theft
17%
Edan456Fortunes, Skulls, and Pumpkins
14%
ajarmstrongPharaoh's Tomb
14%
Silver8888Shunned Keep
14%
ajdaneauApoco
10%
PurpleEscapadeHELLter Skelter
10%
LooooffaProject: Nether
3%
ThomaszeeHaunted Tower
0%

Score Distribution

Percentile by Number Answered

Percent of People with Each Score

Your Score History

You have not taken this quiz